000 00713nab a22002297a 4500
001 09607
003 HDC
007 cr bn ---aaaaa
008 210128c20120301my ||||| |||| 00| 00may d
040 _aHDC
245 0 _aPendukung utama industri
336 _atext
_2rdacontent
337 _acomputer
_2rdamedia
338 _aonline resource
_2rdacarrier
650 _aEntrepreneurship
_9209
650 _aGovernment aid to small business
_97631
710 _aUtusan Malaysia
856 _zRequest full-text at [email protected]
942 _2lcc
942 _cNEWS
942 _kNWSC 004038
999 _c6930
_d6930